000 00189 a2200097 4500
020 _a9789992492512
041 _aspa
100 _aDavid C. Robinson O.
245 _aHeuristicas
942 _cBK
999 _c14551
_d14551